[Event "HUN-chT2 Barcza 2324"]
[Site "Hungary"]
[Date "2024.03.03"]
[Round "5.10"]
[White "Jonizs, Zoltan"]
[Black "Pota, Lajos"]
[Result "1-0"]
[WhiteElo "1842"]
[BlackElo "1469"]
[PlyCount "166"]
[EventDate "2023.10.08"]
[EventType "team-tourn"]
[EventRounds "9"]
[EventCountry "HUN"]
[SourceTitle "EXT 2025"]
[Source "ChessBase"]
[SourceDate "2024.10.14"]
[SourceVersion "1"]
[SourceVersionDate "2024.10.14"]
[SourceQuality "1"]
[WhiteTeam "Kazincbarcika"]
[BlackTeam "Mezokovesd"]
[WhiteTeamCountry "HUN"]
[BlackTeamCountry "HUN"]

1. e4 e5 2. Nf3 Nc6 3. Bc4 Nd4 4. c3 Nxf3+ 5. Qxf3 Nf6 6. d3 Be7 7. 0-0 0-0 8. Qg3 d6 9. f4 exf4 10. Bxf4 Nh5 11. Qf3 Nxf4 12. Qxf4 Kh8 13. Nd2 Bg5 14. Qf2 f5 15. exf5 Bxf5 16. Nf3 Bh6 17. Nd4 Bd7 18. Qxf8+ Qxf8 19. Rxf8+ Rxf8 20. Re1 c5 21. Nf3 Bc6 22. Re7 g5 23. Ne1 g4 24. Re2 b5 25. Be6 Re8 26. Bxg4 Rxe2 27. Bxe2 Bc1 28. c4 Bxb2 29. Bf3 Bd7 30. Nc2 b4 31. Kf1 a5 32. Bd1 Bf5 33. Ke2 Bg4+ 34. Kd2 Bxd1 35. Kxd1 a4 36. Ne3 Be5 37. Kc2 Bxh2 38. Nd5 Be5 39. Nb6 a3 40. Nd7 Kg7 41. Nb6 h5 42. Nd5 Kg6 43. Ne3 Kg5 44. Nf1 Kf4 45. Kb3 h4 46. Kc2 Bd4 47. Kb3 Bf2 48. Kc2 Ke5 49. Nd2 Bg3 50. Nb3 Be1 51. Kd1 Bc3 52. Ke2 Kf4 53. Na5 Kg3 54. Kf1 Kf4 55. Ke2 Kg3 56. Kf1 Bd2 57. Nb3 Be3 58. Na5 Bd4 59. Nb3 Bc3 60. Na5 Be5 61. Nb3 Bf6 62. Na5 Bd8 63. Nb3 Bb6 64. Nc1 Kg4 65. Ke2 Bd8 66. Nb3 Kg3 67. Kf1 h3 68. gxh3 Kxh3 69. Kf2 Kg4 70. Ke3 Kf5 71. d4 Bb6 72. d5 Bd8 73. Kd3 Bg5 74. Na5 Bd8 75. Nb3 Kf4 76. Nd2 Kg3 77. Ne4+ Kf3 78. Nd2+ Kf2 79. Ne4+ Ke1 80. Kc2 Be7 81. Nd2 Bg5 82. Nf3+ Ke2 83. Nxg5 Ke3 1-0

[Event "HUN-chT2 Barcza 2223"]
[Site "Hungary"]
[Date "2023.04.23"]
[Round "7.10"]
[White "Bartha, Gabor"]
[Black "Jonizs, Zoltan"]
[Result "1-0"]
[WhiteElo "2029"]
[BlackElo "1755"]
[PlyCount "105"]
[EventDate "2022.11.20"]
[EventType "team-tourn"]
[EventRounds "7"]
[EventCountry "HUN"]
[SourceTitle "EXT 2025"]
[Source "ChessBase"]
[SourceDate "2024.10.14"]
[SourceVersion "1"]
[SourceVersionDate "2024.10.14"]
[SourceQuality "1"]
[WhiteTeam "Hajduboszormeny"]
[BlackTeam "Kazincbarcika"]
[WhiteTeamCountry "HUN"]
[BlackTeamCountry "HUN"]

1. d4 f5 2. Nf3 Nf6 3. g3 g6 4. Bg2 Bg7 5. 0-0 0-0 6. b3 d6 7. Bb2 Nc6 8. d5 Nb8 9. Nbd2 Nbd7 10. Nd4 Nb6 11. c4 Rb8 12. a4 e5 13. dxe6 Re8 14. a5 Na8 15. a6 Ne4 16. Nxe4 fxe4 17. Bxe4 c5 18. axb7 Bxb7 19. Bxb7 Rxb7 20. Nc6 Qc7 21. Bxg7 Qxc6 22. Bb2 Rxe6 23. Qd3 Qe4 24. Qc3 Qd4 25. Qxd4 cxd4 26. Ra3 Rxe2 27. Bxd4 Nc7 28. Rxa7 Rxa7 29. Bxa7 Rb2 30. Bb8 Ne8 31. Re1 Kf7 32. Re3 Rb1+ 33. Kg2 Rd1 34. Kf3 Rd2 35. Rc3 Ke6 36. Ba7 Nf6 37. h3 Nd7 38. Ke3 Rb2 39. Bd4 Nc5 40. Bxc5 dxc5 41. h4 h5 42. f3 Kf5 43. Rd3 Kf6 44. Ke4 Ke6 45. Kf4 Kf6 46. Rd6+ Kf7 47. Rb6 Rd2 48. Rc6 Rd3 49. Rxc5 Rxb3 50. Rc7+ Kf6 51. Rc6+ Kf7 52. g4 hxg4 53. fxg4 1-0

[Event "HUN-chT BAZ megyei CSB 2223"]
[Site "Hungary"]
[Date "2022.11.13"]
[Round "4.4"]
[White "Jonizs, Zoltan"]
[Black "Herczeg, Benedek"]
[Result "1-0"]
[WhiteElo "1746"]
[BlackElo "1466"]
[PlyCount "87"]
[EventDate "2022.09.25"]
[EventType "team-tourn"]
[EventRounds "9"]
[EventCountry "HUN"]
[SourceTitle "EXT 2025"]
[Source "ChessBase"]
[SourceDate "2024.10.14"]
[SourceVersion "1"]
[SourceVersionDate "2024.10.14"]
[SourceQuality "1"]
[WhiteTeam "Kazincbarcika II"]
[BlackTeam "DVTK III"]
[WhiteTeamCountry "HUN"]
[BlackTeamCountry "HUN"]

1. e4 e5 2. Nf3 Nc6 3. Bc4 Bc5 4. 0-0 Nf6 5. d3 d6 6. Bg5 Bg4 7. h3 Bh5 8. Nbd2 h6 9. Be3 Bxe3 10. fxe3 d5 11. exd5 Nxd5 12. Bxd5 Qxd5 13. a3 0-0 14. Qe1 Qc5 15. Rc1 f5 16. Kh1 f4 17. exf4 exf4 18. Qe6+ Bf7 19. Qg4 Bh5 20. Qh4 Bg6 21. Nb3 Qd6 22. Rce1 Rae8 23. Nfd2 Rxe1 24. Rxe1 Nd4 25. Nc4 Qd7 26. Ne5 Qd5 27. Nxd4 Bxd3 28. Nxd3 Qxd4 29. Rf1 Qc4 30. Rxf4 Rxf4 31. Qxf4 Qxc2 32. Qf3 Qd2 33. b4 c6 34. Nf4 Qe1+ 35. Kh2 Qe5 36. Qg3 g5 37. Nh5 Qe2 38. Qb8+ Kh7 39. Qxb7+ Kg6 40. Ng3 Qe6 41. Qxa7 h5 42. Qc5 h4 43. Qc2+ Kh6 44. Nf5+ 1-0

[Event "HUN-chT BAZ megyei CSB 2223"]
[Site "Hungary"]
[Date "2022.10.16"]
[Round "3.5"]
[White "Jonizs, Zoltan"]
[Black "Szeman, Tibor"]
[Result "1/2-1/2"]
[WhiteElo "1748"]
[BlackElo "1670"]
[PlyCount "168"]
[EventDate "2022.09.25"]
[EventType "team-tourn"]
[EventRounds "9"]
[EventCountry "HUN"]
[SourceTitle "EXT 2025"]
[Source "ChessBase"]
[SourceDate "2024.10.14"]
[SourceVersion "1"]
[SourceVersionDate "2024.10.14"]
[SourceQuality "1"]
[WhiteTeam "Kazincbarcika II"]
[BlackTeam "Hidasnemeti VSC"]
[WhiteTeamCountry "HUN"]
[BlackTeamCountry "HUN"]

1. e4 c5 2. Nf3 Nc6 3. d4 cxd4 4. Nxd4 e5 5. Nxc6 bxc6 6. Bc4 Nf6 7. Bg5 Qa5+ 8. Qd2 Qxd2+ 9. Nxd2 Be7 10. 0-0 h6 11. Bxf6 Bxf6 12. Rad1 0-0 13. Nf3 Rb8 14. b3 Rd8 15. Rd6 Be7 16. Nxe5 Bxd6 17. Nxf7 Be7 18. Nxd8+ Kf8 19. Nf7 d5 20. exd5 Kxf7 21. d6+ Be6 22. Bxe6+ Kxe6 23. dxe7 Kxe7 24. Rd1 Rb5 25. c4 Ra5 26. Rd2 Rc5 27. f4 a5 28. g4 a4 29. Kg2 Ke6 30. Re2+ Kf7 31. Kf3 Ra5 32. b4 Ra7 33. a3 Rd7 34. Ke4 Rd1 35. Re3 Ke6 36. Rd3 Re1+ 37. Kd4 Kd6 38. c5+ Kc7 39. Re3 Rd1+ 40. Kc3 g6 41. Rf3 Ra1 42. Kb2 Rg1 43. h3 Kd7 44. Rd3+ Kc7 45. Kc3 Rf1 46. f5 gxf5 47. gxf5 Rxf5 48. Rg3 h5 49. Kd4 Rf1 50. Kc4 Rc1+ 51. Rc3 Rf1 52. Kd4 Re1 53. Rf3 Re2 54. Rf7+ Kc8 55. Ra7 Rh2 56. Rxa4 Rxh3 57. Ra6 Kb7 58. Rb6+ Kc7 59. a4 Ra3 60. a5 h4 61. a6 h3 62. Rb7+ Kc8 63. Rh7 Rxa6 64. Rxh3 Ra1 65. Ke5 Rd1 66. Rh6 Kc7 67. Rh7+ Kc8 68. Ke6 Rd4 69. Ke5 Rd5+ 70. Ke6 Rd4 71. Rf7 Rd1 72. Ke5 Rd5+ 73. Ke4 Rd1 74. Rf3 Kb7 75. Rd3 Rb1 76. Rd4 Ka6 77. Ke5 Kb5 78. Kd6 Rh1 79. Kc7 Rh7+ 80. Rd7 Rh6 81. Kb7 Kxb4 82. Rd6 Rh5 83. Rxc6 Rxc5 84. Rxc5 Kxc5 1/2-1/2